000 00569nam a2200181Ia 4500
005 20250923144835.0
008 008 250917s9999 xx 000 0 eng d
037 _aTextual
040 _aDSWL
_beng
_cDSWL
041 _aeng
_2eng
084 _azGOaX:75, N44
_qDSWL
100 _aAgarwal, Shriman Narayan
_9828953
245 0 _aGandhian plan of economic development for India
_cby Shriman Narayan Agarwal
260 _aBombay
_bPadmaPublications
_c1944
300 _a115p.
942 _cTEXL
_hzGOaX:75, N44
999 _c1444004
_d1444004